| 000 | 00412nam a2200145 a 4500 | ||
|---|---|---|---|
| 001 | 000026745 | ||
| 005 | 20200930030404.0 | ||
| 008 | 110325s1936 fr ac 000 | fre d | ||
| 040 |
_aDO-SdBNP _bspa _cBNPHU |
||
| 100 | 1 |
_aMarion, G. _953855 |
|
| 245 | 1 | 0 |
_aNotes de voyage en République Dominicaine / _cG. Marion. |
| 260 |
_aParís : _bMasson, _c1936. |
||
| 300 |
_a68 p. : _bil., retrs. ; _c21 cm. |
||
| 049 | _aBNPD | ||
| 999 |
_c26237 _d26237 |
||